[Event "AUS-ch"]
[Site "Perth"]
[Date "1977.12.31"]
[Round "5"]
[White "Fuller, Maxwell L"]
[Black "Jamieson, Robert Murray"]
[Result "0-1"]
[WhiteElo "2325"]
[BlackElo "2325"]
[PlyCount "72"]
[EventDate "1977.12.??"]
[SourceDate "2001.09.18"]

1. g3 g6 2. f4 Bg7 3. Bg2 c5 4. e4 Nc6 5. d3 d6 6. Nh3 e6 7. Nd2 Nge7 8. O-O
O-O 9. Nf3 Rb8 10. g4 f5 11. gxf5 exf5 12. Nh4 Bf6 13. Ng5 h6 14. Ngf3 Kh7 15.
Kh1 Be6 16. Rg1 Rg8 17. Qe1 Qd7 18. e5 dxe5 19. Nxe5 Nxe5 20. fxe5 Bxh4 21.
Qxh4 g5 22. Qf2 b6 23. Bd2 Ng6 24. Rae1 Nh4 25. h3 Bd5 26. e6 Bxg2+ 27. Rxg2
Qd5 28. Reg1 Rbe8 29. c4 Qxd3 30. Rg3 Qe4+ 31. Kh2 Qxe6 32. Re1 Qxc4 33. Bc3
Rxe1 34. Qxe1 Qe4 35. Qd1 Re8 36. Qh5 Qe2+ 0-1

[Event "AUS-ch"]
[Site "Perth"]
[Date "1977.12.31"]
[Round "5"]
[White "Hanks, John N"]
[Black "Rogers, Ian"]
[Result "0-1"]
[WhiteElo "2025"]
[BlackElo "2180"]
[PlyCount "132"]
[EventDate "1977.12.??"]
[SourceDate "2001.09.18"]

1. d4 b6 2. e4 Bb7 3. Nd2 e6 4. Bd3 f5 5. Ngf3 Nh6 6. Qe2 Qf6 7. exf5 Nxf5 8.
Ne4 Qg6 9. Ng3 Be7 10. Bxf5 exf5 11. O-O Qe6 12. Re1 Bxf3 13. gxf3 Nc6 14. c3
Qf7 15. Bg5 O-O 16. Bxe7 Rfe8 17. f4 Nxe7 18. Qd3 g6 19. c4 Qf6 20. Re3 Nc6 21.
Rae1 Kf7 22. Rxe8 Rxe8 23. Rxe8 Kxe8 24. Ne2 a5 25. a3 Qe7 26. d5 Nb8 27. Kf1
Kd8 28. Qc3 Kc8 29. b4 axb4 30. axb4 Na6 31. b5 Nc5 32. Ng3 Qh4 33. Qd4 Qe7 34.
Qe3 Qf6 35. Qe8+ Kb7 36. Qe5 Qxe5 37. fxe5 Nd3 38. e6 dxe6 39. dxe6 Kc8 40. Ne2
Kd8 41. Nc3 Nf4 42. Nd5 Nxe6 43. Ke2 Kd7 44. Kd3 g5 45. Ke3 Kd6 46. Kd3 Ke5 47.
Ke3 h5 48. f3 f4+ 49. Kd3 g4 50. Ke2 Kd4 51. Nf6 gxf3+ 52. Kxf3 Kxc4 53. Nxh5
Kxb5 54. Nf6 c5 55. Nd5 c4 56. h4 Kc5 57. Nc3 b5 58. h5 b4 59. Ne4+ Kd4 60. h6
Nf8 61. Kxf4 c3 62. Kf5 b3 63. Ng5 b2 64. Ne6+ Nxe6 65. Kxe6 b1=B 66. Kf6 Ke3
0-1

[Event "AUS-ch"]
[Site "Perth"]
[Date "1977.12.31"]
[Round "5"]
[White "Partis, Michael"]
[Black "Johansen, Darryl K"]
[Result "1-0"]
[WhiteElo "2060"]
[BlackElo "1980"]
[PlyCount "77"]
[EventDate "1977.12.??"]
[SourceDate "2001.09.18"]

1. e4 e5 2. Nf3 Nc6 3. Bb5 Bc5 4. c3 f5 5. d4 fxe4 6. Bxc6 dxc6 7. Nxe5 Bd6 8.
Bf4 Nf6 9. Nd2 O-O 10. O-O Qe8 11. Bg3 Nh5 12. Nxe4 Nxg3 13. Nxg3 Bxe5 14. Re1
Qf7 15. dxe5 Qxf2+ 16. Kh1 Be6 17. Re2 Qf7 18. Qe1 Rae8 19. b3 c5 20. c4 Qe7
21. Ne4 Bg4 22. Re3 Bh5 23. Ng3 Bg6 24. Rd1 Rf4 25. Rd5 c6 26. Rd2 Rd4 27. Ne2
Rxd2 28. Qxd2 Rd8 29. Qe1 Qe6 30. h3 Rf8 31. Qg3 Qf5 32. e6 Qb1+ 33. Kh2 Qxa2
34. e7 Re8 35. Qd6 Bf7 36. Qd8 Qb2 37. Nc3 Qf2 38. Rf3 Qd4 39. Qxe8+ 1-0

[Event "AUS-ch"]
[Site "Perth"]
[Date "1977.12.31"]
[Round "5"]
[White "Rubanraut, Serge"]
[Black "Woodhams, Michael"]
[Result "0-1"]
[WhiteElo "2180"]
[BlackElo "2240"]
[PlyCount "114"]
[EventDate "1977.12.??"]
[SourceDate "2001.09.18"]

1. Nf3 d5 2. g3 Nf6 3. Bg2 c6 4. d3 h6 5. Nbd2 Bf5 6. O-O e6 7. Re1 Be7 8. e3
O-O 9. Qe2 Bh7 10. e4 dxe4 11. dxe4 Nbd7 12. e5 Nd5 13. Nf1 a5 14. a3 a4 15. h4
Qa5 16. h5 Qa6 17. c4 N5b6 18. Ne3 Nc5 19. Nd2 Nd3 20. Rd1 Nxe5 21. Ng4 Nexc4
22. Nxh6+ gxh6 23. Bf1 Rfd8 24. Qg4+ Bg5 25. Nxc4 Bf5 26. Qe2 Qxc4 27. Qxc4
Nxc4 28. Bxg5 hxg5 29. Bxc4 Bg4 30. Re1 Rd2 31. Re5 Kh7 32. Rxg5 Bf5 33. g4 f6
34. gxf5 fxg5 35. fxe6 b5 36. Ba2 Rxb2 37. Bb1+ Rxb1+ 38. Rxb1 Re8 39. Re1 Kh6
40. Re5 Kxh5 41. f4 Kg6 42. f5+ Kf6 43. Rc5 Rd8 44. Rxc6 Rd5 45. Rb6 Rxf5 46.
Kg2 Rc5 47. Kf2 Rc2+ 48. Kf1 Rb2 49. Ra6 g4 50. Kg1 g3 51. Kf1 Rb3 52. Rb6 Rxa3
53. Rxb5 Kxe6 54. Ra5 Kd6 55. Kg2 Kc6 56. Ra8 Kb5 57. Ra7 Rb3 0-1

[Event "AUS-ch"]
[Site "Perth"]
[Date "1977.12.31"]
[Round "5"]
[White "West, Guy"]
[Black "Prods, Arvids"]
[Result "1-0"]
[WhiteElo "2070"]
[BlackElo "2165"]
[PlyCount "21"]
[EventDate "1977.12.??"]
[SourceDate "2001.09.18"]

1. e4 d6 2. d4 g6 3. Nc3 Bg7 4. f4 Nf6 5. Nf3 c5 6. Bb5+ Nfd7 7. dxc5 dxc5 8.
O-O O-O 9. a4 b6 10. Qd5 Qc7 11. Qxa8 1-0

[Event "AUS-ch"]
[Site "Perth"]
[Date "1978.01.01"]
[Round "6"]
[White "Fuller, Maxwell L"]
[Black "Kellner, John Vincent"]
[Result "1-0"]
[WhiteElo "2325"]
[BlackElo "2140"]
[PlyCount "59"]
[EventDate "1977.12.??"]
[SourceDate "2001.09.18"]

1. e4 e6 2. Nf3 d5 3. Nc3 d4 4. Ne2 Nc6 5. c3 d3 6. Ned4 Nf6 7. Nxc6 bxc6 8.
Qa4 Bb7 9. Qc4 Nd7 10. Qxd3 Qf6 11. Be2 Nc5 12. Qe3 h6 13. O-O g5 14. e5 Qg7
15. d4 Nd7 16. Nd2 c5 17. Bf3 c6 18. Ne4 cxd4 19. cxd4 g4 20. Be2 O-O-O 21. b4
Nb6 22. Nc5 Nd5 23. Qb3 Bxc5 24. bxc5 f5 25. Rb1 Rh7 26. Bd2 h5 27. Qa4 Ba8 28.
Rb3 Rd7 29. Rfb1 Nb6 30. Rxb6 1-0

[Event "AUS-ch"]
[Site "Perth"]
[Date "1978.01.01"]
[Round "6"]
[White "Hamilton, Douglas Gibson"]
[Black "Ballantyne, William"]
[Result "1-0"]
[WhiteElo "2105"]
[BlackElo "2050"]
[PlyCount "115"]
[EventDate "1977.12.??"]
[SourceDate "2001.09.18"]

1. e4 c5 2. Nf3 d6 3. d4 Nd7 4. Nc3 a6 5. a4 e6 6. Be2 Ne7 7. O-O Ng6 8. d5 e5
9. g3 Be7 10. Ne1 h5 11. Ng2 Nf6 12. f4 Bh3 13. f5 Nf8 14. Rb1 Qc7 15. Rf2 N8d7
16. Ne3 c4 17. Nxc4 Rc8 18. b3 Nc5 19. Bf3 g6 20. fxg6 fxg6 21. a5 O-O 22. Bh6
Rf7 23. Qd2 Bf8 24. Bg5 Bg7 25. Bxf6 Rxf6 26. Bg2 Rxf2 27. Qxf2 Bxg2 28. Kxg2
Nd7 29. Rf1 Nf6 30. Qb6 Qe7 31. Rf3 Rd8 32. h3 Nh7 33. h4 Nf6 34. Qf2 Ng4 35.
Qe2 Bh6 36. Nd1 Rc8 37. Nf2 Nf6 38. Nh3 Ng4 39. Nf2 Nf6 40. Nb6 Rd8 41. c4 Bf8
42. b4 Nd7 43. Nxd7 Qxd7 44. Qd2 Kg7 45. Nh3 Qg4 46. Qg5 Qxg5 47. Nxg5 Rb8 48.
Ne6+ Kg8 49. Rxf8+ Rxf8 50. Nxf8 Kxf8 51. c5 Ke7 52. Kf3 Kd7 53. Ke3 Kc7 54.
Kd3 Kd7 55. Kc4 Kc7 56. b5 Kd7 57. bxa6 bxa6 58. cxd6 1-0

[Event "AUS-ch"]
[Site "Perth"]
[Date "1978.01.01"]
[Round "6"]
[White "Hjorth, Gregory"]
[Black "Prods, Arvids"]
[Result "0-1"]
[WhiteElo "1880"]
[BlackElo "2165"]
[PlyCount "58"]
[EventDate "1977.12.??"]
[SourceDate "2001.09.18"]

1. e4 d6 2. d4 Nf6 3. Nc3 g6 4. Bg5 Nbd7 5. f4 h6 6. Bh4 Nh5 7. Nh3 Ndf6 8. e5
Ng4 9. Qf3 dxe5 10. dxe5 c6 11. Be2 Qd4 12. Rd1 Qb6 13. Rd2 Be6 14. Nf2 Ne3 15.
Na4 Qb4 16. Qxe3 Nxf4 17. Qd4 Nxg2+ 18. Kf1 Qxd4 19. Rxd4 Ne3+ 20. Kg1 Nf5 21.
Rb4 a5 22. Rxb7 Nxh4 23. Nb6 Rd8 24. Rc7 Bg7 25. Nd3 Rb8 26. Rxc6 Bf5 27. Nc4
O-O 28. Ra6 Rfc8 29. b3 Rxc4 0-1

[Event "AUS-ch"]
[Site "Perth"]
[Date "1978.01.01"]
[Round "6"]
[White "Purdy, John Spencer"]
[Black "Jamieson, Robert Murray"]
[Result "1-0"]
[WhiteElo "2165"]
[BlackElo "2325"]
[PlyCount "135"]
[EventDate "1977.12.??"]
[SourceDate "2001.09.18"]

1. c4 e5 2. Nc3 Nf6 3. g3 g6 4. Bg2 Bg7 5. d3 O-O 6. e4 d6 7. Nge2 c6 8. O-O
Na6 9. h3 Ne8 10. Be3 Be6 11. Qd2 Qd7 12. Kh2 f5 13. b3 Nf6 14. d4 exd4 15.
exf5 dxe3 16. fxe6 Qxe6 17. fxe3 Nc5 18. Rad1 Rad8 19. Nf4 Qe5 20. b4 Nce4 21.
Nxe4 Nxe4 22. Qe1 Rfe8 23. b5 Qc5 24. bxc6 bxc6 25. Nd3 Qxc4 26. Rf4 d5 27. Nf2
Qxa2 28. Nxe4 dxe4 29. Rxe4 a5 30. Rxe8+ Rxe8 31. Rd2 Qc4 32. Rd6 Qa2 33. Rxc6
Rf8 34. Qc1 a4 35. Rc2 Qb3 36. Rc5 Kh8 37. Bd5 Qd3 38. Qc2 Qxe3 39. Rc8 a3 40.
Rxf8+ Bxf8 41. Ba2 Bc5 42. Qg2 Kg7 43. Qb7+ Kh6 44. Qg2 Bd6 45. Bc4 Bc7 46. Ba2
Kg7 47. h4 Qd4 48. Kh3 Qd7+ 49. Kh2 Qg4 50. Qh3 h5 51. Bd5 Kf6 52. Qf1+ Ke7 53.
Qf7+ Kd6 54. Ba2 Qf5 55. Qb3 Qf2+ 56. Kh3 Qf1+ 57. Kh2 Qe2+ 58. Kh3 Bb6 59.
Qxb6+ Kd7 60. Qd4+ Ke7 61. Qg7+ Kd8 62. Qg8+ Ke7 63. Qf7+ Kd8 64. Qd5+ Ke7 65.
Qc4 Qf3 66. Qe6+ Kf8 67. Qd6+ Kg7 68. Qc7+ 1-0

[Event "AUS-ch"]
[Site "Perth"]
[Date "1978.01.01"]
[Round "6"]
[White "Rogers, Ian"]
[Black "Barber, Haydn J"]
[Result "1/2-1/2"]
[WhiteElo "2180"]
[BlackElo "2065"]
[PlyCount "118"]
[EventDate "1977.12.??"]
[SourceDate "2001.09.18"]

1. e4 c5 2. Nf3 e6 3. c3 Nf6 4. e5 Nd5 5. d4 cxd4 6. Qxd4 Nc6 7. Qe4 f5 8. Qe2
Be7 9. g3 O-O 10. Bg2 b5 11. Qxb5 a5 12. Qa4 Ba6 13. Bf1 Bxf1 14. Kxf1 g5 15.
h3 h5 16. Nbd2 g4 17. hxg4 hxg4 18. Nh4 Kg7 19. Qc4 Bxh4 20. gxh4 Rh8 21. h5
Nxe5 22. Qd4 Qf6 23. c4 Ne7 24. b3 N7c6 25. Qe3 Nf7 26. Rb1 e5 27. c5 Qe6 28.
Bb2 Kf8 29. Nc4 f4 30. Qd3 g3 31. fxg3 Qg4 32. Rh4 Qxg3 33. Qxg3 fxg3 34. Re1
Re8 35. Kg2 Rg8 36. h6 Re6 37. Rf1 Ke7 38. Ne3 Reg6 39. h7 Rh8 40. Nd5+ Ke6 41.
Nc7+ Ke7 42. Nd5+ Ke6 43. Nf4+ exf4 44. Bxh8 Nxh8 45. Rfxf4 Ne5 46. Rf8 Nef7
47. Rh5 Rg4 48. Ra8 Ng6 49. Rh6 Nxh6 50. Ra6+ Kf5 51. Rxg6 Nf7 52. Rd6 Rh4 53.
Rxd7 Rxh7 54. Kxg3 Ng5 55. Rd5+ Kf6 56. c6 Ra7 57. c7 Rxc7 58. Rxa5 Ne6 59. Kf3
Ke7 1/2-1/2

[Event "AUS-ch"]
[Site "Perth"]
[Date "1978.01.01"]
[Round "6"]
[White "Woodhams, Michael"]
[Black "West, Guy"]
[Result "1/2-1/2"]
[WhiteElo "2240"]
[BlackElo "2070"]
[PlyCount "29"]
[EventDate "1977.12.??"]
[SourceDate "2001.09.18"]

1. d4 d5 2. c4 e5 3. dxe5 d4 4. Nf3 Nc6 5. Nbd2 f6 6. exf6 Nxf6 7. a3 Bg4 8. b4
Qe7 9. h3 Bxf3 10. Nxf3 O-O-O 11. Bb2 Nxb4 12. Qb3 Nc6 13. Rd1 Qc5 14. Qb5 a6
15. Qxc5 1/2-1/2

[Event "AUS-ch"]
[Site "Perth"]
[Date "1978.01.03"]
[Round "7"]
[White "Barber, Haydn J"]
[Black "Prods, Arvids"]
[Result "1-0"]
[WhiteElo "2065"]
[BlackElo "2165"]
[PlyCount "81"]
[EventDate "1977.12.??"]
[SourceDate "2001.09.18"]

1. e4 d6 2. d4 Nf6 3. Nc3 g6 4. f4 Bg7 5. Nf3 c5 6. dxc5 Qa5 7. Bd3 Qxc5 8. Qe2
O-O 9. Be3 Qa5 10. O-O Bg4 11. h3 Bxf3 12. Qxf3 Nc6 13. g4 Rac8 14. f5 Nd7 15.
h4 Bxc3 16. bxc3 Qxc3 17. Bh6 Nde5 18. Qh3 Rfe8 19. h5 Nd4 20. hxg6 hxg6 21.
Rad1 Nxc2 22. fxg6 fxg6 23. g5 Nd4 24. Kg2 Qa3 25. Rf2 Nxd3 26. Rxd3 Qc5 27.
Bg7 Qxg5+ 28. Rg3 Qxg3+ 29. Qxg3 Kxg7 30. e5 Nc6 31. exd6 exd6 32. Qxd6 Rcd8
33. Qf6+ Kh7 34. Qf7+ Kh6 35. Qxb7 Rd6 36. Qf7 Ree6 37. Qf8+ Kh5 38. Kg3 Rd3+
39. Rf3 Rxf3+ 40. Qxf3+ Kh6 41. Qf8+ 1-0

[Event "AUS-ch"]
[Site "Perth"]
[Date "1978.01.03"]
[Round "7"]
[White "Ellis, David"]
[Black "Rogers, Ian"]
[Result "1/2-1/2"]
[WhiteElo "2035"]
[BlackElo "2180"]
[PlyCount "73"]
[EventDate "1977.12.??"]
[SourceDate "2001.09.18"]

1. Nf3 c5 2. g3 g6 3. Bg2 Bg7 4. O-O Nc6 5. d3 d6 6. e4 e5 7. c3 Nge7 8. Nbd2
O-O 9. Nh4 g5 10. Nf5 Nxf5 11. exf5 Bxf5 12. Ne4 h6 13. f4 gxf4 14. gxf4 exf4
15. Bxf4 Bg6 16. Qd2 Kh7 17. Bxd6 Re8 18. Qf4 f5 19. Ng3 Re5 20. Bxe5 Bxe5 21.
Qf3 Qh4 22. Rae1 Rg8 23. Rf2 Kh8 24. Rfe2 Bc7 25. Re6 f4 26. Rxg6 Rxg6 27. Re8+
Rg8 28. Rxg8+ Kxg8 29. Qd5+ Kf8 30. Qxc5+ Ke8 31. Bxc6+ bxc6 32. Qxc6+ Kd8 33.
Qd5+ Kc8 34. Qa8+ Kd7 35. Qd5+ Kc8 36. Qa8+ Kd7 37. Qd5+ 1/2-1/2

[Event "AUS-ch"]
[Site "Perth"]
[Date "1978.01.03"]
[Round "7"]
[White "Fardell, Dan"]
[Black "Rubanraut, Serge"]
[Result "1-0"]
[WhiteElo "2020"]
[BlackElo "2180"]
[PlyCount "83"]
[EventDate "1977.12.??"]
[SourceDate "2001.09.18"]

1. e4 e5 2. f4 exf4 3. Bc4 Nf6 4. Nc3 Bb4 5. e5 d5 6. Bb5+ c6 7. exf6 Qxf6 8.
Nxd5 Qd6 9. Nxb4 Qxb4 10. Be2 O-O 11. Nf3 h6 12. O-O g5 13. d4 Be6 14. b3 Nd7
15. c4 Nf6 16. Bb2 Ng4 17. Qd2 Qe7 18. d5 Bd7 19. Rfe1 Ne3 20. Qd4 f6 21. Bd3
Rae8 22. Bc1 c5 23. Qc3 g4 24. Nh4 Qg7 25. Ng6 Nxd5 26. Rxe8 Bxe8 27. cxd5 Bxg6
28. Bxg6 Qxg6 29. Bxf4 Re8 30. Re1 Re4 31. Bg3 Qe8 32. d6 f5 33. Rxe4 Qxe4 34.
Qc4+ Qxc4 35. bxc4 Kf7 36. Kf2 Ke6 37. Ke3 b6 38. a4 a6 39. Kf4 h5 40. Kg5 b5
41. axb5 axb5 42. cxb5 1-0

[Event "AUS-ch"]
[Site "Perth"]
[Date "1978.01.03"]
[Round "7"]
[White "Hamilton, Douglas Gibson"]
[Black "West, Guy"]
[Result "1/2-1/2"]
[WhiteElo "2105"]
[BlackElo "2070"]
[PlyCount "34"]
[EventDate "1977.12.??"]
[SourceDate "2001.09.18"]

1. e4 c5 2. Nf3 Nf6 3. Nc3 e6 4. d4 cxd4 5. Nxd4 Bb4 6. e5 Nd5 7. Bd2 Nxc3 8.
bxc3 Ba5 9. Qg4 O-O 10. Bd3 f5 11. exf6 Rxf6 12. O-O h6 13. f4 d6 14. f5 exf5
15. Bxf5 Nd7 16. Be6+ Kh8 17. Nf5 Qf8 1/2-1/2

[Event "AUS-ch"]
[Site "Perth"]
[Date "1978.01.03"]
[Round "7"]
[White "Hjorth, Gregory"]
[Black "Keast, Donald"]
[Result "1/2-1/2"]
[WhiteElo "1880"]
[BlackElo "2000"]
[PlyCount "67"]
[EventDate "1977.12.??"]
[SourceDate "2001.09.18"]

1. d4 f5 2. e4 fxe4 3. Nc3 Nf6 4. f3 Nc6 5. d5 Ne5 6. fxe4 d6 7. Nf3 Nf7 8. Nd4
g6 9. Bb5+ Bd7 10. Ne6 Qc8 11. Bxd7+ Qxd7 12. Nb5 Rc8 13. Nxa7 Ra8 14. Nb5 Rc8
15. Nc3 Nd8 16. Nxf8 Rxf8 17. O-O Nf7 18. h3 h5 19. Be3 c5 20. Qe2 g5 21. Rae1
h4 22. Rf5 Rg8 23. Kh1 Nxe4 24. Nxe4 Qxf5 25. Bxc5 Kf8 26. Bd4 Qxd5 27. Nf6
exf6 28. Qe7+ Kg7 29. Qxf6+ Kh7 30. Re6 Rc7 31. c4 Qxe6 32. Qxe6 Rg6 33. Qd5
Ne5 34. Bxe5 1/2-1/2

[Event "AUS-ch"]
[Site "Perth"]
[Date "1978.01.03"]
[Round "7"]
[White "Jamieson, Robert Murray"]
[Black "Shaw, Terrey Ian"]
[Result "0-1"]
[WhiteElo "2325"]
[BlackElo "2235"]
[PlyCount "130"]
[EventDate "1977.12.??"]
[SourceDate "2001.09.18"]

1. e4 c6 2. d4 d5 3. exd5 cxd5 4. Bd3 Nc6 5. c3 Qc7 6. Ne2 Bg4 7. f3 Bh5 8. Nf4
Nf6 9. Nxh5 Nxh5 10. O-O e6 11. f4 Nf6 12. Nd2 g6 13. Nf3 Bg7 14. Ne5 Ne4 15.
Be3 f6 16. Nxc6 bxc6 17. c4 O-O 18. Qc2 f5 19. Rac1 Rac8 20. g3 Qb6 21. c5 Qb7
22. Rb1 a5 23. a3 Ra8 24. b3 Ra7 25. Rb2 Bf6 26. Kg2 Qg7 27. Bxe4 dxe4 28. Qc4
Qd7 29. Rd1 Rd8 30. Kf2 Qd5 31. Qxd5 Rxd5 32. Rbd2 h6 33. h4 a4 34. Rb1 Rb7 35.
b4 Rbd7 36. Rbd1 Kf7 37. Ke2 Ke8 38. Kf2 Kd8 39. Ke2 Kc7 40. Kf2 Kb7 41. Ke2
Ka6 42. Kf2 Kb5 43. Ke2 Rd8 44. Kf1 R5d7 45. Ke2 Rg8 46. Rh1 Rdg7 47. Kf2 g5
48. hxg5 hxg5 49. Rh6 gxf4 50. gxf4 Rg6 51. Rh2 Rg1 52. Rc2 Bh4+ 53. Ke2 R8g2+
54. Rxg2 Rxg2+ 55. Kd1 Rxc2 56. Kxc2 Kc4 57. Bg1 Bf6 58. Bf2 Bxd4 59. Bxd4 Kxd4
60. Kd2 e5 61. fxe5 Kxe5 62. Ke3 f4+ 63. Kd2 f3 64. Ke3 Kd5 65. Kf2 Kd4 0-1

[Event "AUS-ch"]
[Site "Perth"]
[Date "1978.01.03"]
[Round "7"]
[White "Kellner, John Vincent"]
[Black "Woodhams, Michael"]
[Result "1-0"]
[WhiteElo "2140"]
[BlackElo "2240"]
[PlyCount "73"]
[EventDate "1977.12.??"]
[SourceDate "2001.09.18"]

1. d4 d5 2. Nf3 Nf6 3. c4 c6 4. Nc3 dxc4 5. a4 Bg4 6. e4 e6 7. Bxc4 Nbd7 8. O-O
a5 9. h3 Bh5 10. Bg5 h6 11. Be3 Bb4 12. e5 Nd5 13. Nxd5 cxd5 14. Bd3 O-O 15. g4
Bg6 16. Bxg6 fxg6 17. Kg2 Rc8 18. h4 Qe7 19. Rh1 Qf7 20. Rh3 Nb6 21. Qd3 Nc4
22. Bc1 Rc6 23. h5 gxh5 24. Rxh5 Rc7 25. Rh3 Be7 26. b3 Nb6 27. Bxh6 gxh6 28.
Rxh6 Qxf3+ 29. Qxf3 Rxf3 30. Kxf3 Rc3+ 31. Kf4 Rxb3 32. Rah1 Bf8 33. Rxe6 Nxa4
34. Kg5 Rf3 35. Kg6 Bg7 36. Rh7 Bf8 37. Rf6 1-0

[Event "AUS-ch"]
[Site "Perth"]
[Date "1978.01.03"]
[Round "7"]
[White "Purdy, John Spencer"]
[Black "Fuller, Maxwell L"]
[Result "1/2-1/2"]
[WhiteElo "2165"]
[BlackElo "2325"]
[PlyCount "62"]
[EventDate "1977.12.??"]
[SourceDate "2001.09.18"]

1. c4 g6 2. Nc3 c5 3. g3 Bg7 4. Bg2 Nc6 5. e3 Nh6 6. d3 Nf5 7. Nge2 a6 8. O-O
Rb8 9. a4 b6 10. b3 O-O 11. Ra2 Bb7 12. Rd2 Bh6 13. Nf4 Bxf4 14. gxf4 Nh4 15.
Bh1 e5 16. Qg4 h5 17. Qg5 Qxg5+ 18. fxg5 Na5 19. Rb2 Nf3+ 20. Bxf3 Bxf3 21. Ne4
Rfd8 22. Nf6+ Kf8 23. e4 b5 24. axb5 axb5 25. b4 cxb4 26. Rxb4 Be2 27. Re1 Bxd3
28. cxb5 Rxb5 29. Ba3 Kg7 30. Rd1 Nc6 31. Rxb5 Bxb5 1/2-1/2

[Event "AUS-ch"]
[Site "Perth"]
[Date "1978.01.04"]
[Round "8"]
[White "Barber, Haydn J"]
[Black "Ballantyne, William"]
[Result "1-0"]
[WhiteElo "2065"]
[BlackElo "2050"]
[PlyCount "79"]
[EventDate "1977.12.??"]
[SourceDate "2001.09.18"]

1. e4 c5 2. Nf3 d6 3. d4 Nd7 4. Nc3 a6 5. a4 e6 6. Bd3 Ne7 7. O-O Ng6 8. Be3
Be7 9. Qe2 Qc7 10. d5 e5 11. Nd2 Bf6 12. Nc4 b6 13. Rfb1 Rb8 14. b4 cxb4 15.
Rxb4 O-O 16. Rab1 Nf4 17. Qe1 Bd8 18. Bf1 Nc5 19. Rxb6 Bb7 20. g3 Ng6 21. Nxd6
Qxb6 22. Rxb6 Bxb6 23. a5 Ba7 24. Na4 Nxa4 25. Bxa7 Ra8 26. Be3 Bc8 27. c4 Rd8
28. c5 Rb8 29. Nc4 Rb3 30. c6 Nc3 31. Nd2 Rb4 32. Bb6 Re8 33. d6 Nf8 34. Kg2
Re6 35. Nc4 Rb3 36. Qd2 Nd7 37. Qc2 Rb1 38. Qxc3 Rh6 39. Bd3 Rd1 40. h4 1-0

[Event "AUS-ch"]
[Site "Perth"]
[Date "1978.01.04"]
[Round "8"]
[White "Hamilton, Douglas Gibson"]
[Black "Kellner, John Vincent"]
[Result "1/2-1/2"]
[WhiteElo "2105"]
[BlackElo "2140"]
[PlyCount "83"]
[EventDate "1977.12.??"]
[SourceDate "2001.09.18"]

1. e4 c5 2. Nf3 Nf6 3. Nc3 Nc6 4. d4 d5 5. exd5 Nxd5 6. dxc5 Nxc3 7. Qxd8+ Nxd8
8. bxc3 e6 9. Bb5+ Bd7 10. Bxd7+ Kxd7 11. Ne5+ Ke8 12. Be3 Rc8 13. Nd3 f6 14.
Ke2 Rc7 15. Rhd1 Be7 16. Rab1 Kf7 17. f4 Re8 18. Nf2 f5 19. Nd3 Nc6 20. Bd4 Bf6
21. Be5 Bxe5 22. Nxe5+ Nxe5 23. fxe5 Ree7 24. Rb5 a6 25. Ra5 Rc8 26. Rd6 Rec7
27. Kd3 Ke7 28. Kd4 g5 29. c4 h5 30. c6 Rxc6 31. Rxc6 Rxc6 32. Ra3 g4 33. Rb3
Rc7 34. c5 Kf7 35. Rb6 h4 36. c6 Rxc6 37. Rxb7+ Kg6 38. c4 f4 39. Rb8 g3 40.
hxg3 fxg3 41. Rh8 Kg5 42. Rg8+ 1/2-1/2

[Event "AUS-ch"]
[Site "Perth"]
[Date "1978.01.04"]
[Round "8"]
[White "Jordan, William"]
[Black "Rubanraut, Serge"]
[Result "1-0"]
[WhiteElo "2070"]
[BlackElo "2180"]
[PlyCount "79"]
[EventDate "1977.12.??"]
[SourceDate "2001.09.18"]

1. e4 d6 2. d4 Nf6 3. Nc3 g6 4. Nf3 Bg7 5. Be2 O-O 6. h3 c6 7. a4 a5 8. O-O
Nbd7 9. Be3 e5 10. dxe5 dxe5 11. Qd6 Re8 12. Rad1 Bf8 13. Qd2 Bb4 14. Bg5 Qc7
15. Qe3 Nh5 16. Nh2 Nf4 17. Ng4 h5 18. Rxd7 Bxd7 19. Nf6+ Kg7 20. Bxf4 exf4 21.
Qd4 Kh6 22. Qxd7 Qxd7 23. Nxd7 Rad8 24. Nf6 Re6 25. e5 Bxc3 26. bxc3 Rxe5 27.
Bd3 c5 28. c4 g5 29. f3 Rd6 30. Nd5 b6 31. Rb1 Ree6 32. Kf2 Kg7 33. h4 f6 34.
Rh1 Kh6 35. Be4 gxh4 36. Rxh4 Kg5 37. Rxf4 Re5 38. g3 f5 39. Rh4 Kg6 40. Nf4+
1-0

[Event "AUS-ch"]
[Site "Perth"]
[Date "1978.01.04"]
[Round "8"]
[White "Levi, Eddy"]
[Black "Wettstein, Markus"]
[Result "1-0"]
[WhiteElo "2055"]
[BlackElo "2100"]
[PlyCount "77"]
[EventDate "1977.12.??"]
[SourceDate "2001.09.18"]

1. e4 c6 2. d4 d5 3. e5 Bf5 4. h4 h5 5. Ne2 e6 6. Ng3 Bg6 7. Be2 Be7 8. Bxh5
Bxh5 9. Nxh5 g6 10. Nf4 Rxh4 11. Rxh4 Bxh4 12. Qd3 Ne7 13. g3 Bg5 14. Nxe6 fxe6
15. Bxg5 Qb6 16. Bxe7 Kxe7 17. Nc3 Nd7 18. O-O-O Rf8 19. f4 g5 20. fxg5 c5 21.
dxc5 Qxc5 22. Qh7+ Rf7 23. Qh4 Qc4 24. g4 Qf4+ 25. Kb1 Nxe5 26. g6+ Qf6 27. Qg3
Nxg6 28. Qb8 Qe5 29. Qxb7+ Kf8 30. Qb4+ Kg7 31. Nb5 Rb7 32. Qc5 Qb8 33. Nd6
Rxb2+ 34. Ka1 Rb4 35. Rf1 Rxg4 36. Rb1 Qf8 37. Qc7+ Kg8 38. Rb8 Rg1+ 39. Kb2
1-0

[Event "AUS-ch"]
[Site "Perth"]
[Date "1978.01.04"]
[Round "8"]
[White "Pope, Arthur"]
[Black "Fuller, Maxwell L"]
[Result "1/2-1/2"]
[WhiteElo "2145"]
[BlackElo "2325"]
[PlyCount "109"]
[EventDate "1977.12.??"]
[SourceDate "2001.09.18"]

1. e4 g6 2. d4 Bg7 3. Nc3 c6 4. Nf3 d5 5. h3 dxe4 6. Nxe4 Nd7 7. Bd3 Ngf6 8.
Nxf6+ Nxf6 9. O-O O-O 10. Re1 Bf5 11. Bxf5 gxf5 12. c4 e6 13. Bf4 Ne4 14. Qc2
Qe7 15. Rad1 Rad8 16. g4 fxg4 17. hxg4 f5 18. gxf5 exf5 19. Kg2 Bxd4 20. Rxd4
Rxd4 21. Nxd4 Qg7+ 22. Kf3 Qg4+ 23. Ke3 Re8 24. Ne2 Ng3+ 25. Kd3 Nxe2 26. Rxe2
Qf3+ 27. Be3 f4 28. c5 fxe3 29. Qc4+ Kf8 30. fxe3 Qf5+ 31. Kc3 Re4 32. Qd3
Qxc5+ 33. Kd2 Qd5 34. Rf2+ Kg7 35. Qxd5 cxd5 36. Kd3 Re7 37. Kd4 Re4+ 38. Kd3
Kg6 39. Re2 Rc4 40. Rg2+ Kf6 41. Rh2 {Sealed} 41... Rc7 42. Kd4 Rd7 43. Rf2+
Kg5 44. Rg2+ Kh4 45. Rh2+ Kg3 46. Rh1 Kf3 47. a4 Re7 48. a5 a6 49. Kxd5 Rd7+
50. Ke6 Rg7 51. Rh3+ Ke4 52. Kd6 Rf7 53. b4 Rg7 54. b5 axb5 55. Kc5 1/2-1/2

[Event "AUS-ch"]
[Site "Perth"]
[Date "1978.01.04"]
[Round "8"]
[White "Rogers, Ian"]
[Black "Johansen, Darryl K"]
[Result "1-0"]
[WhiteElo "2180"]
[BlackElo "1980"]
[PlyCount "50"]
[EventDate "1977.12.??"]
[SourceDate "2001.09.18"]

1. c4 e5 2. Nc3 Nc6 3. Nf3 g6 4. d4 f6 5. e4 d6 6. h3 Bg7 7. Be3 exd4 8. Nxd4
Nxd4 9. Qxd4 Ne7 10. c5 Nc6 11. Qc4 dxc5 12. Bxc5 Ne5 13. Qb3 c6 14. Rd1 Qa5
15. Bb4 Qb6 16. Rd6 Qc7 17. f4 Nf7 18. Nd5 Qb8 19. Nxf6+ Bxf6 20. Re6+ Bxe6 21.
Qxe6+ Kd8 22. Qxf6+ Kc7 23. Qe7+ Kc8 24. Qe6+ Kc7 25. Qxf7+ Kb6 1-0

[Event "AUS-ch"]
[Site "Perth"]
[Date "1978.01.04"]
[Round "8"]
[White "Shaw, Terrey Ian"]
[Black "Purdy, John Spencer"]
[Result "1/2-1/2"]
[WhiteElo "2235"]
[BlackElo "2165"]
[PlyCount "93"]
[EventDate "1977.12.??"]
[SourceDate "2001.09.18"]

1. e4 e5 2. Nc3 Nc6 3. Bc4 Nf6 4. d3 Bc5 5. f4 d6 6. Nf3 Qe7 7. Na4 Na5 8. Nxc5
Nxc4 9. Nb3 Nb6 10. O-O Bg4 11. h3 Bxf3 12. Qxf3 O-O-O 13. fxe5 Qxe5 14. Be3 d5
15. Bd4 dxe4 16. Bxe5 exf3 17. Bxf6 fxg2 18. Bxd8 gxf1=Q+ 19. Rxf1 Rxd8 20.
Rxf7 Rd7 21. Rf8+ Rd8 22. Rf7 Rd7 23. Rf8+ Rd8 24. Rxd8+ Kxd8 25. Nc5 Kc8 26.
Ne6 Nd5 27. Nxg7 Nb4 28. Nh5 Nxa2 29. Nf6 Nb4 30. Nxh7 Nxc2 31. Kf2 b5 32. Ke2
a5 33. Kd2 Nd4 34. Nf6 Nf5 35. Kc3 Kb7 36. b3 Kc6 37. d4 Kd6 38. Kd3 Ke6 39.
Ne4 Nd6 40. Nc3 c6 41. Ke3 Kf5 42. d5 cxd5 43. Nxd5 a4 44. b4 Ke5 45. Nc3 Nf5+
46. Kd3 Nd4 47. h4 1/2-1/2

[Event "AUS-ch"]
[Site "Perth"]
[Date "1978.01.04"]
[Round "8"]
[White "West, Guy"]
[Black "Jamieson, Robert Murray"]
[Result "1/2-1/2"]
[WhiteElo "2070"]
[BlackElo "2325"]
[PlyCount "61"]
[EventDate "1977.12.??"]
[SourceDate "2001.09.18"]

1. d4 Nf6 2. Nc3 d5 3. Bg5 h6 4. Bxf6 exf6 5. e3 c6 6. Bd3 Bd6 7. Qf3 O-O 8.
Nge2 Re8 9. O-O-O Qa5 10. Kb1 Be6 11. Nf4 Nd7 12. h4 b5 13. g4 b4 14. Nce2 c5
15. Nxe6 fxe6 16. g5 c4 17. Bg6 b3 18. cxb3 cxb3 19. axb3 Reb8 20. Nc1 Rb6 21.
Bd3 Rab8 22. gxh6 Rxb3 23. Nxb3 Rxb3 24. Qg4 Rxb2+ 25. Kxb2 Qa3+ 26. Kb1 Qb3+
27. Ka1 Qa4+ 28. Kb1 Qb3+ 29. Ka1 Qa4+ 30. Kb1 Qb3+ 31. Ka1 1/2-1/2